1348 1632 1986 1493 1085 1099 1160 1569 1929 1318 1621 1435 1707 1552 1715 1601 1366 1314 1429 1894 1856 1049 1551 1445 1294 1004 1302 1839 1298 1518 1508 1076 1352 1226 1199 1295 1112 1069 1964 1142 1276 1173 1588 1587 1403 1900 1223 1786 1367 1356 1131 1620 1996 1907 1202 1216 1196 1057 1402 1670 1749 1717 1545 1548 1514 1478 1555 1889 1786 1509 1845 1468 1115 1825 1169 1323 1063 1891 1543 1521 1342 1703 1095 1446 1387 1871 1681 1271 1864 1313 1591 1953 1677 1264 1281 1277 1784 1520 1571 BCNSPRNW ULIB Ver.6.0+V

เปลี่ยนเป็นภาษาไทย

Change to English
 แสดงรายละเอียดบรรณานุกรม
  กลับหน้าหลัก

Brief Record : Get Marc (ISO 2709) : E-mail record : QR code < ปิดหน้าต่าง
LEADER : 00000nam 2200000uu 4500
001    13399108208
003     ULIB
008    110221s2551||||th 000 0 tha d
020    9749143043
060 04 WY100^bฟ51ป
100 0  ฟาริดา อิบราฮิม
245 10 ปฏิบัติการพยาบาลตามกรอบทฤษฎีการพยาบาล /^cฟาริดา อิบราฮิม
250    พิมพ์ครั้งที่ 5
260    กรุงเทพฯ :^bคณะพยาบาลศาสตร์ มหาวิทยาลัยมหิดล,^c2551
300    446, [2] หน้า ;^c30 ซม.
650  7 การพยาบาล
650  7 ทฤษฎีการพยาบาล
650  7 การพยาบาล, ทฤษฎี
710 2  มหาวิทยาลัยมหิดล. ^bคณะพยาบาลศาสตร์
945    ^p350^l0^i023679
945    ^p350^l0^i023677
945    ^p350^l0^i023678
945    ^p350^l0^i023680
995    ทศพร
999 ^a ใช้งานได้ทุกระบบ
รายการนี้ยังไม่มีแท็ก
คุณยังไม่ได้ล็อกอิน คุณสามารถมีกิจกรรมร่วมกับเว็บไซต์ได้ แต่ต้องล็อกอินก่อน ::
  ล็อกอิน

รายการสื่อสารสนเทศ

ลำดับที่ ประเภท เลขเรียก/บาร์โค้ด สถานที่ สถานะ
1. Book การพยาบาล
Book การพยาบาล
WY100 ฟ51ป ฉ.10 
  Barcode: 023680
ห้องสมุดวิทยาเขตนครสวรรค์
►หนังสือทั่วไป:l:General Books
บนชั้น
2. Book การพยาบาล
Book การพยาบาล
WY100 ฟ51ป ฉ.7 
  Barcode: 023677
ห้องสมุดวิทยาเขตนครสวรรค์
►หนังสือทั่วไป:l:General Books
ถูกยืม กำหนดส่งวันที่ 22 กรกฎาคม 2559
  จอง

รายการใกล้เคียง
    ผู้แต่ง [ฟาริดา อิบราฮิม]

    หัวเรื่อง [การพยาบาล]
    หัวเรื่อง [ทฤษฎีการพยาบาล]
    หัวเรื่อง [การพยาบาล, ทฤษฎี]

BibComment


ยังไม่เคยถูกคอมเมนท์

คอมเมนท์ทรัพยากรรายการนี้
  คอมเมนท์: ปฏิบัติการพยาบาลต..


 Copyright 2026. Bcnsprnw @Library